Health behaviour theory / (Record no. 47575)

MARC details
000 -LEADER
fixed length control field 00469nam a2200181Ia 4500
005 - DATE AND TIME OF LATEST TRANSACTION
control field 20260122095425.0
008 - FIXED-LENGTH DATA ELEMENTS--GENERAL INFORMATION
fixed length control field 260121s9999||||xx |||||||||||||| ||und||
020 ## - INTERNATIONAL STANDARD BOOK NUMBER
International Standard Book Number 9781284125115
082 ## - DEWEY DECIMAL CLASSIFICATION NUMBER
Classification number 613
Item number HAY
100 ## - MAIN ENTRY--PERSONAL NAME
Personal name Hayden, Joanna
245 #0 - TITLE STATEMENT
Title Health behaviour theory /
250 ## - EDITION STATEMENT
Edition statement 3 ed.
260 ## - PUBLICATION, DISTRIBUTION, ETC. (IMPRINT)
Place of publication, distribution, etc Burlington :
Name of publisher, distributor, etc Jones and Bartlett,
Date of publication, distribution, etc 2019.
300 ## - PHYSICAL DESCRIPTION
Extent vii,308 p. ; pbk
650 ## - SUBJECT ADDED ENTRY--TOPICAL TERM
Topical term or geographic name as entry element behaviour change
650 ## - SUBJECT ADDED ENTRY--TOPICAL TERM
Topical term or geographic name as entry element social cognitive theory
942 ## - ADDED ENTRY ELEMENTS (KOHA)
Koha item type Text Books
Holdings
Date last seen Total Checkouts Full call number Barcode Price effective from Koha item type Lost status Damaged status Not for loan Collection code Withdrawn status Home library Current library Shelving location Date acquired Source of acquisition
22/01/2026   613 HAY 53243 22/01/2026 Text Books       Non-fiction   CUTN Central Library CUTN Central Library Medicine, Technology & Management 22/01/2026 T. R. Publications, Chennai - Invoice No. - TRPHO/2024/CRB/370 on 06-03-2025